[Event "JAM-ch"]
[Site "Kingston"]
[Date "2018.02.13"]
[Round "9"]
[White "James, Stuart"]
[Black "Mellace, Andrew"]
[Result "1/2-1/2"]
[WhiteElo "1991"]
[BlackElo "2060"]
[PlyCount "69"]
[EventDate "2018.02.02"]
[EventType "tourn"]
[EventRounds "11"]
[EventCountry "JAM"]
[SourceTitle "CBM 183 Extra"]
[Source "ChessBase"]
[SourceDate "2018.04.19"]
[SourceVersion "1"]
[SourceVersionDate "2018.04.19"]
[SourceQuality "1"]

1. e4 c5 2. d3 d5 3. Nd2 Nf6 4. Ngf3 Nc6 5. g3 Bg4 6. h3 Bh5 7. Bg2 e6 8. 0-0 Be7 9. c3 h6 10. Qa4 0-0 11. a3 a6 12. b4 b5 13. Qb3 Bxf3 14. Nxf3 dxe4 15. Ne1 Qd5 16. Qc2 cxb4 17. axb4 Rfc8 18. dxe4 Qc4 19. Qd3 Ne5 20. Qxc4 Rxc4 21. f4 Ng6 22. e5 Nd5 23. Bb2 Ra7 24. Bxd5 exd5 25. Nc2 Bd8 26. Kg2 Bb6 27. Rfd1 Ne7 28. Kf3 g6 29. Ra3 a5 30. bxa5 Rxa5 31. Rxa5 Bxa5 32. Ne3 Rc5 33. Ba3 Rxc3 34. Bxe7 Bb6 35. Kg2 1/2-1/2

[Event "JAM-ch"]
[Site "Kingston"]
[Date "2018.02.09"]
[Round "6"]
[White "Mellace, Andrew"]
[Black "Smith, Shreyas"]
[Result "0-1"]
[WhiteElo "2060"]
[BlackElo "2199"]
[PlyCount "42"]
[EventDate "2018.02.02"]
[EventType "tourn"]
[EventRounds "11"]
[EventCountry "JAM"]
[SourceTitle "CBM 183 Extra"]
[Source "ChessBase"]
[SourceDate "2018.04.19"]
[SourceVersion "1"]
[SourceVersionDate "2018.04.19"]
[SourceQuality "1"]

1. e4 c5 2. d4 cxd4 3. c3 Nf6 4. e5 Nd5 5. Qxd4 e6 6. Nf3 Nc6 7. Qe4 f5 8. Qe2 Qc7 9. g3 b6 10. Bg2 Ncb4 11. Na3 Nxc3 12. bxc3 Qxc3+ 13. Qd2 Qxa1 14. 0-0 Qxa2 15. Qg5 Ba6 16. Rd1 Nd3 17. Nh4 Qxf2+ 18. Kh1 Qe2 19. Rf1 Nf2+ 20. Kg1 Nh3+ 21. Bxh3 Bc5+ 0-1

[Event "JAM-ch"]
[Site "Kingston"]
[Date "2018.02.07"]
[Round "5"]
[White "Mellace, Andrew"]
[Black "Glaves, Raheem"]
[Result "0-1"]
[WhiteElo "2060"]
[BlackElo "1969"]
[PlyCount "120"]
[EventDate "2018.02.02"]
[EventType "tourn"]
[EventRounds "11"]
[EventCountry "JAM"]
[SourceTitle "CBM 183 Extra"]
[Source "ChessBase"]
[SourceDate "2018.04.19"]
[SourceVersion "1"]
[SourceVersionDate "2018.04.19"]
[SourceQuality "1"]

1. e4 e6 2. d4 d5 3. Nd2 c5 4. Ngf3 Nf6 5. exd5 exd5 6. c3 Be7 7. dxc5 Bxc5 8. Nb3 Be7 9. h3 0-0 10. Bd3 Qc7 11. 0-0 Nc6 12. Re1 h6 13. Nbd4 a6 14. Bd2 Bc5 15. Nb3 Bd6 16. Qc1 Ne5 17. Nxe5 Bxe5 18. Qd1 Bd7 19. Qf3 Rfe8 20. Nd4 Qb6 21. Rab1 Bxd4 22. cxd4 Qxd4 23. Bc3 Qh4 24. g3 Qh5 25. g4 Qh4 26. Bxf6 Qxf6 27. Qxd5 Bc6 28. Qf5 Qxf5 29. Bxf5 g6 30. Bc2 Rad8 31. Bb3 Kf8 32. Rxe8+ Rxe8 33. Kh2 Re2 34. Kg3 Ke7 35. h4 f5 36. gxf5 gxf5 37. Bc4 Re4 38. Bf1 Rg4+ 39. Kh3 Be4 40. Re1 Kf6 41. Re3 Rg1 42. Bd3 Rh1+ 43. Kg3 Ke5 44. Bxe4 f4+ 45. Kg2 fxe3 46. fxe3 Kxe4 47. Kxh1 Kxe3 48. Kg2 Kf4 49. Kh3 h5 50. b3 a5 51. a3 b5 52. b4 axb4 53. axb4 Kf3 54. Kh2 Kg4 55. Kg2 Kxh4 56. Kf3 Kg5 57. Kg3 h4+ 58. Kh3 Kh5 59. Kh2 Kg4 60. Kg2 Kf4 0-1

[Event "JAM-ch"]
[Site "Kingston"]
[Date "2018.02.02"]
[Round "1"]
[White "Mellace, Andrew"]
[Black "Lorne, Ras Malaku"]
[Result "1-0"]
[WhiteElo "2060"]
[BlackElo "2176"]
[PlyCount "65"]
[EventDate "2018.02.02"]
[EventType "tourn"]
[EventRounds "11"]
[EventCountry "JAM"]
[SourceTitle "CBM 183 Extra"]
[Source "ChessBase"]
[SourceDate "2018.04.19"]
[SourceVersion "1"]
[SourceVersionDate "2018.04.19"]
[SourceQuality "1"]

1. d4 Nf6 2. c4 e6 3. Nc3 Bb4 4. Qc2 d5 5. e3 0-0 6. Nf3 c5 7. a3 Bxc3+ 8. bxc3 Nc6 9. Bd3 dxc4 10. Bxc4 Qc7 11. 0-0 Bd7 12. Bd3 h6 13. e4 Rac8 14. e5 Nd5 15. Be3 Rfd8 16. Rfc1 Be8 17. Qd2 Nxe3 18. Qxe3 Ne7 19. Qe4 Nf5 20. Qf4 Ne7 21. Qe4 g6 22. Qf4 Kh7 23. h4 Nd5 24. Qg3 cxd4 25. cxd4 Qxc1+ 26. Rxc1 Rxc1+ 27. Kh2 Rc3 28. Be4 Kg7 29. h5 Ne7 30. Qh4 Kf8 31. hxg6 fxg6 32. Qxh6+ Kg8 33. Ng5 1-0

[Event "JAM Masters-A"]
[Site "Kingston"]
[Date "2017.10.01"]
[Round "1.4"]
[White "James, Stuart"]
[Black "Mellace, Andrew"]
[Result "1/2-1/2"]
[WhiteElo "1998"]
[BlackElo "2116"]
[PlyCount "120"]
[EventDate "2017.09.30"]
[EventType "k.o."]
[EventRounds "3"]
[EventCountry "JAM"]
[SourceTitle "CBM 181 Extra"]
[Source "ChessBase"]
[SourceDate "2017.12.12"]
[SourceVersion "1"]
[SourceVersionDate "2017.12.12"]
[SourceQuality "1"]

1. e4 c5 2. Nf3 g6 3. d4 Bg7 4. Nc3 cxd4 5. Nxd4 Nc6 6. Nb3 Nf6 7. g4 d6 8. g5 Nd7 9. h4 a5 10. a4 Nde5 11. Be2 Nb4 12. f4 Nec6 13. Be3 Be6 14. Nd5 0-0 15. c3 Na6 16. Bb6 Qd7 17. h5 Bxd5 18. exd5 e6 19. Bg4 Rae8 20. Qe2 Ne7 21. Qb5 Qxb5 22. axb5 Nxd5 23. bxa6 Nxb6 24. axb7 a4 25. Na5 Rb8 26. Be2 f6 27. h6 Bh8 28. Ba6 fxg5 29. Nc6 gxf4 30. Nxb8 Rxb8 31. Kf2 Kf7 32. Rhe1 Be5 33. Re4 Kf6 34. Rb4 Nd7 35. Rbxa4 Nc5 36. Rb4 g5 37. Rb6 g4 38. Rc6 Nxa6 39. Raxa6 Rxb7 40. Rab6 Rxb6 41. Rxb6 Kf5 42. Rb7 Kg6 43. Re7 Kxh6 44. Rxe6+ Kg5 45. b4 Bxc3 46. b5 Bd4+ 47. Kf1 Bc5 48. Re7 Kf5 49. Rxh7 Ke4 50. Rc7 Be3 51. Re7+ Kd5 52. Rg7 g3 53. Kg2 Kc5 54. Rg5+ Kb6 55. Kf3 Bd4 56. Kxf4 Be5+ 57. Rxe5 dxe5+ 58. Kxg3 Kxb5 59. Kf3 Kc5 60. Ke4 Kd6 1/2-1/2

[Event "JAM Masters-A"]
[Site "Kingston"]
[Date "2017.10.01"]
[Round "1.3"]
[White "Mellace, Andrew"]
[Black "James, Stuart"]
[Result "1-0"]
[WhiteElo "2116"]
[BlackElo "1998"]
[PlyCount "53"]
[EventDate "2017.09.30"]
[EventType "k.o."]
[EventRounds "3"]
[EventCountry "JAM"]
[SourceTitle "CBM 181 Extra"]
[Source "ChessBase"]
[SourceDate "2017.12.12"]
[SourceVersion "1"]
[SourceVersionDate "2017.12.12"]
[SourceQuality "1"]

1. e4 c5 2. Nf3 e6 3. d4 cxd4 4. c3 Nf6 5. e5 Nd5 6. Qxd4 Nc6 7. Qe4 d6 8. Bb5 Bd7 9. c4 Nb6 10. exd6 Bxd6 11. 0-0 a6 12. Rd1 Qc7 13. Nc3 0-0 14. Be3 Be7 15. Bxb6 Qxb6 16. Rxd7 axb5 17. cxb5 Nd8 18. Rxe7 Qd6 19. Ng5 f5 20. Qh4 h6 21. Nxe6 Nxe6 22. Rd1 Qf4 23. Qxf4 Nxf4 24. Rdd7 Nh5 25. Rxb7 Rfd8 26. h3 f4 27. Rbd7 1-0

[Event "JAM Masters-A"]
[Site "Kingston"]
[Date "2017.09.30"]
[Round "1.1"]
[White "Mellace, Andrew"]
[Black "James, Stuart"]
[Result "1/2-1/2"]
[WhiteElo "2116"]
[BlackElo "1998"]
[PlyCount "86"]
[EventDate "2017.09.30"]
[EventType "k.o."]
[EventRounds "3"]
[EventCountry "JAM"]
[SourceTitle "CBM 181 Extra"]
[Source "ChessBase"]
[SourceDate "2017.12.12"]
[SourceVersion "1"]
[SourceVersionDate "2017.12.12"]
[SourceQuality "1"]

1. e4 c5 2. Nf3 e6 3. c4 Nc6 4. d4 cxd4 5. Nxd4 Nf6 6. Nc3 Bb4 7. Nxc6 dxc6 8. Qb3 Qe7 9. e5 Ne4 10. a3 Bxc3+ 11. bxc3 Qc5 12. Be3 Qxe5 13. Rc1 0-0 14. Be2 f5 15. g3 Nc5 16. Qc2 Qe4 17. 0-0 Qxc2 18. Rxc2 Nd7 19. f4 e5 20. Rd1 e4 21. Rcd2 Nf6 22. Bc5 Re8 23. Bd6 Be6 24. Be5 Kf7 25. c5 Re7 26. Rb2 Nd5 27. c4 Ne3 28. Rdb1 Bxc4 29. Bd6 Rd7 30. Rxb7 Rad8 31. Kf2 Bxe2 32. Kxe3 Ba6 33. Rxd7+ Rxd7 34. Rb8 Rb7 35. Kd4 Rxb8 36. Bxb8 Bb5 37. Bxa7 Ke6 38. Bb6 g6 39. Ba5 Ba4 40. Bd2 Bb5 41. Be3 Ba4 42. Kc4 Bd1 43. Kb4 Kd5 1/2-1/2

[Event "Kingston Chan Memorial op"]
[Site "Kingston"]
[Date "2017.09.21"]
[Round "1"]
[White "Barrett, Leighton"]
[Black "Mellace, Andrew"]
[Result "1-0"]
[WhiteElo "1650"]
[BlackElo "2116"]
[PlyCount "81"]
[EventDate "2017.09.21"]
[EventType "swiss"]
[EventRounds "6"]
[EventCountry "JAM"]
[SourceTitle "EXT 2020"]
[Source "ChessBase"]
[SourceDate "2019.10.17"]
[SourceVersion "1"]
[SourceVersionDate "2019.10.17"]
[SourceQuality "1"]

1. e4 c5 2. Nc3 g6 3. g3 Bg7 4. Bg2 Nc6 5. f4 d6 6. Nce2 Nf6 7. d3 0-0 8. Nh3 Bg4 9. Nf2 Bh5 10. c3 e5 11. 0-0 Qb6 12. Bh3 Bxe2 13. Qxe2 h6 14. Kh1 Rad8 15. Ng4 Nxg4 16. Qxg4 exf4 17. gxf4 d5 18. f5 Ne5 19. Qg3 dxe4 20. dxe4 Rd3 21. Qg2 g5 22. Bg4 Nxg4 23. Qxg4 Qd6 24. Qe2 Be5 25. Be3 Bxh2 26. Bxc5 Qxc5 27. Qxd3 Bf4 28. Rad1 Re8 29. Qd4 Qc7 30. Rfe1 Bg3 31. Rf1 Qc6 32. Qd5 Qa4 33. Kg2 Bc7 34. Rd4 Qc2+ 35. Rf2 Qb1 36. Qd7 Rxe4 37. Qxc7 Re1 38. Rd8+ Kg7 39. f6+ Kg6 40. Rg8+ Kh5 41. Qh2+ 1-0

[Event "Kingston Chan Memorial op"]
[Site "Kingston"]
[Date "2017.09.21"]
[Round "2"]
[White "Mellace, Andrew"]
[Black "Richards, Shaheim"]
[Result "1-0"]
[WhiteElo "2116"]
[BlackElo "1573"]
[PlyCount "51"]
[EventDate "2017.09.21"]
[EventType "swiss"]
[EventRounds "6"]
[EventCountry "JAM"]
[SourceTitle "EXT 2020"]
[Source "ChessBase"]
[SourceDate "2019.10.17"]
[SourceVersion "1"]
[SourceVersionDate "2019.10.17"]
[SourceQuality "1"]

1. e4 e6 2. d4 d5 3. Nd2 Nd7 4. Bd3 c6 5. Ngf3 dxe4 6. Nxe4 Ngf6 7. Ng3 Bd6 8. Qe2 Nd5 9. Nf5 Bf8 10. 0-0 Qc7 11. g3 Ne7 12. Bf4 Qb6 13. Nd6+ Kd8 14. Nxf7+ Ke8 15. Nxh8 Nf6 16. Ng5 Nfd5 17. Bd6 Qd8 18. Ba3 Qd7 19. Qh5+ Kd8 20. Nhf7+ Kc7 21. Bd6+ Kb6 22. c4 a6 23. Bc5+ Kc7 24. cxd5 exd5 25. Nxh7 g6 26. Qe5+ 1-0

[Event "Kingston Millionaire qual"]
[Site "Kingston"]
[Date "2015.08.05"]
[Round "1"]
[White "Mellace, Andrew"]
[Black "Holness, Mark"]
[Result "1-0"]
[WhiteElo "2073"]
[BlackElo "1919"]
[PlyCount "49"]
[EventDate "2015.08.05"]
[EventType "swiss"]
[EventRounds "6"]
[EventCountry "JAM"]
[SourceTitle "EXT 2018"]
[Source "ChessBase"]
[SourceDate "2017.10.13"]
[SourceVersion "1"]
[SourceVersionDate "2017.10.13"]
[SourceQuality "1"]

1. e4 e6 2. d4 d5 3. Nd2 dxe4 4. Nxe4 Bd7 5. Nf3 Bc6 6. Bd3 Nd7 7. Qe2 Ngf6 8. Ng3 Bxf3 9. Qxf3 c6 10. 0-0 Be7 11. Re1 Qa5 12. c3 Qd5 13. Qe2 0-0 14. Bf4 Rfe8 15. b4 Nf8 16. Be5 Ng6 17. Rad1 Qd7 18. f4 Nd5 19. Qh5 Nxc3 20. f5 Nxd1 21. fxg6 hxg6 22. Qxd1 Bxb4 23. Rf1 f6 24. Bxg6 Red8 25. Qh5 1-0

[Event "JAM-ch"]
[Site "Kingston"]
[Date "2015.01.31"]
[Round "9"]
[White "Mellace, Andrew"]
[Black "Wisdom, Daren"]
[Result "1-0"]
[WhiteElo "2064"]
[BlackElo "1985"]
[PlyCount "59"]
[EventDate "2015.01.17"]
[EventType "tourn"]
[EventRounds "11"]
[EventCountry "JAM"]
[SourceTitle "CBM 164 Extra"]
[Source "ChessBase"]
[SourceDate "2015.03.02"]
[SourceVersion "1"]
[SourceVersionDate "2015.03.02"]
[SourceQuality "1"]

1. e4 e5 2. Nf3 Nc6 3. Bb5 a6 4. Ba4 Nf6 5. 0-0 Be7 6. c3 b5 7. Bc2 d6 8. d4 Bd7 9. Nbd2 0-0 10. d5 Na5 11. b4 Nb7 12. a4 Ng4 13. h3 Nh6 14. axb5 axb5 15. Rxa8 Qxa8 16. Nb3 f5 17. Bxh6 gxh6 18. exf5 Kh8 19. Qd2 Nd8 20. Qxh6 Nf7 21. Qh5 Bf6 22. Nh4 Kg7 23. Rd1 Qa2 24. Rd2 Rg8 25. Kh2 Qb2 26. Bd1 Qxc3 27. Rc2 Qxb3 28. Rxc7 Qxb4 29. Rxd7 Qxh4 30. Rxf7+ 1-0

[Event "JAM-ch"]
[Site "Kingston"]
[Date "2015.01.28"]
[Round "7"]
[White "Mellace, Andrew"]
[Black "Wilson, Brandon"]
[Result "1/2-1/2"]
[WhiteElo "2064"]
[BlackElo "2099"]
[PlyCount "84"]
[EventDate "2015.01.17"]
[EventType "tourn"]
[EventRounds "11"]
[EventCountry "JAM"]
[SourceTitle "CBM 164 Extra"]
[Source "ChessBase"]
[SourceDate "2015.03.02"]
[SourceVersion "1"]
[SourceVersionDate "2015.03.02"]
[SourceQuality "1"]

1. d4 Nf6 2. c4 g6 3. Nc3 Bg7 4. e4 d6 5. f3 c6 6. Be3 a6 7. a4 a5 8. Qd2 Na6 9. Nge2 Nd7 10. Ng3 Nb4 11. Be2 e5 12. d5 Nc5 13. Bxc5 dxc5 14. Na2 h5 15. Nxb4 Bh6 16. Qc3 axb4 17. Qxe5+ Kd7 18. Rd1 Re8 19. dxc6+ Kxc6 20. Rxd8 Rxe5 21. b3 Re7 22. Kf2 h4 23. Nf1 Rd7 24. Rh8 Bg5 25. Ne3 Bf6 26. Rg8 Bd4 27. f4 Kc7 28. Rd1 b6 29. Bg4 f5 30. exf5 gxf5 31. Bf3 Bb7 32. Rxa8 Bxa8 33. g3 hxg3+ 34. hxg3 Bb7 35. Ke2 Bxe3 36. Rxd7+ Kxd7 37. Kxe3 Bc8 38. g4 Ke7 39. g5 Bd7 40. Kf2 Be8 41. Kg3 Bg6 42. Kh4 Kf8 1/2-1/2

[Event "Olympiad-41"]
[Site "Tromsoe"]
[Date "2014.08.08"]
[Round "6.3"]
[White "Nyambalo, Joseph Xavier"]
[Black "Mellace, Andrew"]
[Result "1/2-1/2"]
[WhiteElo "2115"]
[BlackElo "2087"]
[PlyCount "63"]
[EventDate "2014.08.02"]
[EventType "team-swiss"]
[EventRounds "11"]
[EventCountry "NOR"]
[SourceTitle "CBM 162"]
[Source "ChessBase"]
[SourceDate "2014.09.17"]
[SourceVersion "1"]
[SourceVersionDate "2014.09.17"]
[SourceQuality "1"]
[WhiteTeam "Malawi"]
[BlackTeam "Jamaica"]
[WhiteTeamCountry "MWI"]
[BlackTeamCountry "JAM"]

1. Nf3 d5 2. d4 c6 3. g3 g6 4. Bg2 Bg7 5. 0-0 Nd7 6. Re1 Ngf6 7. Nbd2 0-0 8. c4 Re8 9. cxd5 cxd5 10. Qb3 h6 11. Ne5 Nxe5 12. dxe5 Nd7 13. Bxd5 Nxe5 14. Nf3 Nxf3+ 15. Qxf3 e6 16. Bxb7 Bxb7 17. Qxb7 Qa5 18. Bf4 g5 19. Bd6 Qd2 20. Ba3 Reb8 21. Qf3 Bxb2 22. Red1 Qc3 23. Rd3 Qf6 24. Rad1 Qxf3 25. Rxf3 Bxa3 26. Rxa3 Rb2 27. Kf1 a5 28. Rd7 Rb1+ 29. Kg2 Rb2 30. Kf1 Rb1+ 31. Kg2 Rb2 32. Kf1 1/2-1/2

[Event "Olympiad-41"]
[Site "Tromsoe"]
[Date "2014.08.03"]
[Round "2.3"]
[White "Mellace, Andrew"]
[Black "Al Khateeb, Taher"]
[Result "1/2-1/2"]
[WhiteElo "2087"]
[BlackElo "1972"]
[PlyCount "142"]
[EventDate "2014.08.02"]
[EventType "team-swiss"]
[EventRounds "11"]
[EventCountry "NOR"]
[SourceTitle "CBM 162"]
[Source "ChessBase"]
[SourceDate "2014.09.17"]
[SourceVersion "1"]
[SourceVersionDate "2014.09.17"]
[SourceQuality "1"]
[WhiteTeam "Jamaica"]
[BlackTeam "Kuwait"]
[WhiteTeamCountry "JAM"]
[BlackTeamCountry "KUW"]

1. e4 c5 2. d4 cxd4 3. c3 dxc3 4. Nxc3 Nc6 5. Nf3 e6 6. Bc4 a6 7. 0-0 Nge7 8. Bg5 h6 9. Bh4 b5 10. Bb3 g5 11. Bg3 Ng6 12. Qe2 g4 13. Nd2 h5 14. Nd5 d6 15. Nf4 Nxf4 16. Bxf4 Nd4 17. Qd3 Nxb3 18. Nxb3 e5 19. Bd2 Be6 20. Ba5 Qd7 21. Nd2 Rc8 22. Rac1 Be7 23. Qe3 Rg8 24. b3 h4 25. g3 hxg3 26. hxg3 Rh8 27. Kg2 Rxc1 28. Rxc1 Bd8 29. Bc3 f5 30. Rh1 Rxh1 31. Kxh1 Qh7+ 32. Kg1 fxe4 33. Nf1 Qf5 34. Qh6 Bb6 35. Ne3 Bxe3 36. Qxe3 Qf3 37. Kf1 Bf5 38. Ke1 Qh1+ 39. Ke2 Qb1 40. Qd2 Qd3+ 41. Ke1 Qxd2+ 42. Kxd2 Kd7 43. a4 Ke6 44. axb5 axb5 45. Ba5 Kd5 46. Ke3 Bg6 47. b4 Ke6 48. Bc7 d5 49. Bb8 d4+ 50. Kd2 Kd5 51. Bc7 Bh7 52. Bb8 Bg6 53. Bc7 Be8 54. Bb8 Bc6 55. Bc7 Ke6 56. Bb8 Bd5 57. Bc7 Bc4 58. Bb8 Bf1 59. Bc7 Kd5 60. Bb8 Bg2 61. Bc7 Bf3 62. Bb8 Kc4 63. Bd6 d3 64. Bc5 Be2 65. Bd6 e3+ 66. fxe3 Kd5 67. Bb8 Ke4 68. Bc7 Kd5 69. Bb6 Kc4 70. Bc5 Kb3 71. Bd6 Kc4 1/2-1/2

[Event "JAM-ch"]
[Site "Kingston"]
[Date "2014.05.11"]
[Round "11"]
[White "Mellace, Andrew"]
[Black "Smith, Shreyas"]
[Result "1-0"]
[WhiteElo "2076"]
[BlackElo "1944"]
[PlyCount "111"]
[EventDate "2014.04.25"]
[EventType "tourn"]
[EventRounds "11"]
[EventCountry "JAM"]
[SourceTitle "CBM 160 Extra"]
[Source "ChessBase"]
[SourceDate "2014.07.01"]
[SourceVersion "1"]
[SourceVersionDate "2014.07.01"]
[SourceQuality "1"]

1. c4 c5 2. Nc3 Nc6 3. g3 g6 4. Bg2 Bg7 5. e3 e5 6. Nge2 Nge7 7. d3 d6 8. 0-0 0-0 9. Rb1 Be6 10. Nd5 Rb8 11. Nec3 a6 12. b3 b5 13. Bb2 Qd7 14. Re1 b4 15. Nxe7+ Nxe7 16. Nd5 Nc6 17. Qd2 Rb7 18. f4 a5 19. Rf1 f5 20. Rfe1 Ra8 21. d4 cxd4 22. exd4 e4 23. Ne3 d5 24. Red1 Ne7 25. a4 dxc4 26. bxc4 Qxa4 27. d5 Bxb2 28. Qxb2 Bd7 29. c5 Rbb8 30. Bf1 Qa3 31. Qxa3 bxa3 32. c6 Nxc6 33. dxc6 Bxc6 34. Ra1 Kg7 35. Rxa3 a4 36. Rc1 Be8 37. Rc7+ Kf8 38. Rxh7 Rb3 39. Rxb3 axb3 40. Rb7 Bf7 41. Nc4 Ra1 42. Ne5 e3 43. Rxf7+ Kg8 44. Kg2 b2 45. Rb7 b1Q 46. Bc4+ Kf8 47. Nxg6+ Ke8 48. Rxb1 Rxb1 49. Nh4 Rb2+ 50. Kf3 Rxh2 51. Nxf5 Kf8 52. Kxe3 Rc2 53. Bd3 Rc6 54. g4 Kf7 55. g5 Re6+ 56. Be4 1-0

[Event "JAM-ch"]
[Site "Kingston"]
[Date "2014.05.09"]
[Round "9"]
[White "Mellace, Andrew"]
[Black "Brooks, Paul"]
[Result "1-0"]
[WhiteElo "2076"]
[BlackElo "1959"]
[PlyCount "109"]
[EventDate "2014.04.25"]
[EventType "tourn"]
[EventRounds "11"]
[EventCountry "JAM"]
[SourceTitle "CBM 160 Extra"]
[Source "ChessBase"]
[SourceDate "2014.07.01"]
[SourceVersion "1"]
[SourceVersionDate "2014.07.01"]
[SourceQuality "1"]

1. e4 e5 2. f4 d5 3. exd5 Qxd5 4. Nc3 Qe6 5. fxe5 Qxe5+ 6. Be2 Bg4 7. d4 Qe6 8. Bf4 Bb4 9. Qd3 Bxe2 10. Ngxe2 Bxc3+ 11. Qxc3 Nf6 12. Qa3 Nc6 13. 0-0 0-0-0 14. Rae1 Rhe8 15. c3 Qc4 16. Nc1 Nd5 17. Bd2 Nf6 18. Bg5 h6 19. Bxf6 gxf6 20. Qb3 Na5 21. Qc2 Rxe1 22. Rxe1 Qd5 23. b3 Nc6 24. Qe4 Qg5 25. Qe3 Qg6 26. Nd3 Rg8 27. Qh3+ Kb8 28. Re2 b6 29. Qf3 Nd8 30. Nb4 Qb1+ 31. Kf2 a5 32. Na6+ Kc8 33. Qa8+ Kd7 34. Nb8+ Kd6 35. Qf3 Ne6 36. Qc6+ Ke7 37. Qxc7+ Kf8 38. Nd7+ Kg7 39. Qg3+ Kh8 40. Qf3 f5 41. Ne5 Ng5 42. Qh5 Kg7 43. g3 Re8 44. h4 Nh3+ 45. Ke3 f4+ 46. Kf3 Ng1+ 47. Kg2 f3+ 48. Kh2 Re7 49. Qg4+ Kh7 50. Rf2 Qe1 51. Qf5+ Kg7 52. Qc2 Ne2 53. Rxf3 h5 54. Rxf7+ Rxf7 55. Qg6+ 1-0

[Event "JAM-ch"]
[Site "Kingston"]
[Date "2014.05.02"]
[Round "5"]
[White "Asher, Miguel"]
[Black "Mellace, Andrew"]
[Result "1/2-1/2"]
[WhiteElo "1888"]
[BlackElo "2076"]
[PlyCount "97"]
[EventDate "2014.04.25"]
[EventType "tourn"]
[EventRounds "11"]
[EventCountry "JAM"]
[SourceTitle "CBM 160 Extra"]
[Source "ChessBase"]
[SourceDate "2014.07.01"]
[SourceVersion "1"]
[SourceVersionDate "2014.07.01"]
[SourceQuality "1"]

1. e4 e5 2. Nf3 Nc6 3. c3 d5 4. Qa4 Bd7 5. exd5 Nd4 6. Qd1 Nxf3+ 7. Qxf3 Nf6 8. Bc4 e4 9. Qe2 Bd6 10. d3 0-0 11. d4 Ng4 12. Na3 f5 13. Nb5 f4 14. Nxd6 cxd6 15. g3 fxg3 16. fxg3 Rf2 17. Qd1 e3 18. Be2 Qf6 19. Bxg4 e2 20. Bxe2 Re8 21. Bf4 Rexe2+ 22. Qxe2 Rxe2+ 23. Kxe2 Bg4+ 24. Kd2 g5 25. Be3 Qf3 26. Rae1 Qg2+ 27. Kc1 Bf5 28. Bd2 Qxd5 29. Rhf1 Bg6 30. b3 a5 31. Rf2 b5 32. Kb2 a4 33. bxa4 bxa4 34. Ref1 Kg7 35. h4 h6 36. hxg5 hxg5 37. Rf8 a3+ 38. Kxa3 Qb5 39. R8f2 Bc2 40. Rf7+ Kg6 41. g4 Qa4+ 42. Kb2 Kh6 43. Be3 Be4 44. R1f6+ Bg6 45. Bf2 Qc2+ 46. Ka3 Qxc3+ 47. Ka4 Qc4+ 48. Ka5 Qxa2+ 49. Kb6 1/2-1/2

[Event "JAM-ch"]
[Site "Kingston"]
[Date "2014.04.30"]
[Round "4"]
[White "Mellace, Andrew"]
[Black "Porter, Russel"]
[Result "1-0"]
[WhiteElo "2076"]
[BlackElo "2123"]
[PlyCount "66"]
[EventDate "2014.04.25"]
[EventType "tourn"]
[EventRounds "11"]
[EventCountry "JAM"]
[SourceTitle "CBM 160 Extra"]
[Source "ChessBase"]
[SourceDate "2014.07.01"]
[SourceVersion "1"]
[SourceVersionDate "2014.07.01"]
[SourceQuality "1"]

1. d4 Nf6 2. c4 g6 3. Nc3 d5 4. cxd5 Nxd5 5. e4 Nxc3 6. bxc3 Bg7 7. Nf3 c5 8. Rb1 0-0 9. Be2 Nc6 10. d5 Ne5 11. Nxe5 Bxe5 12. Qd2 e6 13. f4 Bc7 14. dxe6 Bxe6 15. Qxd8 Rfxd8 16. Rb2 Ba5 17. Bd2 Rd7 18. 0-0 Rad8 19. Be1 f5 20. e5 c4 21. h3 h5 22. Bf3 b6 23. Rc2 Rd3 24. Be2 b5 25. Bxd3 cxd3 26. Rb2 Bc4 27. Bd2 Kf7 28. Kh2 Ke6 29. Ra1 Bc7 30. h4 a6 31. a4 Rg8 32. axb5 axb5 33. Ra7 Bb6 1-0

[Event "JAM-ch"]
[Site "Kingston"]
[Date "2014.04.27"]
[Round "3"]
[White "Lorne, Ras Malaku"]
[Black "Mellace, Andrew"]
[Result "1/2-1/2"]
[WhiteElo "2073"]
[BlackElo "2076"]
[PlyCount "107"]
[EventDate "2014.04.25"]
[EventType "tourn"]
[EventRounds "11"]
[EventCountry "JAM"]
[SourceTitle "CBM 160 Extra"]
[Source "ChessBase"]
[SourceDate "2014.07.01"]
[SourceVersion "1"]
[SourceVersionDate "2014.07.01"]
[SourceQuality "1"]

1. d4 d5 2. c4 c6 3. Nc3 Nf6 4. Nf3 e6 5. Bf4 dxc4 6. a4 Bb4 7. Bd2 Nbd7 8. e3 Nb6 9. Ne5 0-0 10. Nxc4 Nxc4 11. Bxc4 Qa5 12. 0-0 e5 13. dxe5 Qxe5 14. Qe2 Bg4 15. f3 Bd6 16. g3 Bh3 17. Rfe1 Rad8 18. e4 Bc5+ 19. Be3 Qg5 20. f4 Bxe3+ 21. Qxe3 Qa5 22. Be2 Qb4 23. Rab1 Qb3 24. Bd1 Qc4 25. Be2 Qb3 26. Bd1 Qb6 27. Qxb6 axb6 28. e5 Ng4 29. Ne4 h6 30. Bf3 Rd3 31. Bxg4 Bxg4 32. Nf2 Bf5 33. Nxd3 Bxd3 34. Rbd1 Bf5 35. Rd4 Ra8 36. b3 Be6 37. Re3 Kf8 38. Kg2 Ke7 39. h3 h5 40. Rd2 Ra5 41. Rc3 g6 42. Kh2 Ke8 43. Rg2 Rd5 44. g4 h4 45. f5 gxf5 46. gxf5 Bxf5 47. Re3 Ke7 48. Rg8 Rd2+ 49. Kg1 Rd4 50. Rb8 Rd7 51. Kf2 Be6 52. b4 c5 53. bxc5 bxc5 54. Rc3 1/2-1/2

[Event "Kingston President's inv"]
[Site "Kingston"]
[Date "2013.08.14"]
[Round "7"]
[White "Richards, Deborah"]
[Black "Mellace, Andrew"]
[Result "0-1"]
[WhiteElo "2005"]
[BlackElo "2061"]
[PlyCount "110"]
[EventDate "2013.08.03"]
[EventType "tourn"]
[EventRounds "9"]
[EventCountry "JAM"]
[SourceTitle "EXT 2018"]
[Source "ChessBase"]
[SourceDate "2017.10.13"]
[SourceVersion "1"]
[SourceVersionDate "2017.10.13"]
[SourceQuality "1"]

1. d4 d5 2. Nf3 Nf6 3. Bf4 c6 4. e3 Bg4 5. Nbd2 Nbd7 6. Bd3 Nh5 7. Bg5 h6 8. Bh4 g5 9. h3 Be6 10. Bg3 Nxg3 11. fxg3 Bg7 12. g4 Qc7 13. Qe2 c5 14. c3 c4 15. Bc2 Rb8 16. Kf2 b5 17. a3 a5 18. Rhc1 0-0 19. Kg1 f5 20. gxf5 Bxf5 21. Bxf5 Rxf5 22. e4 Rf7 23. exd5 Nb6 24. Qe6 Qd6 25. Ne4 Qxd5 26. Qxd5 Nxd5 27. Nc5 Nf4 28. Kh2 Rbf8 29. Re1 Nxg2 30. Kxg2 Rxf3 31. Rxe7 Rf2+ 32. Kg1 Rxb2 33. Rf1 Rxf1+ 34. Kxf1 Ra2 35. Rb7 Rxa3 36. d5 Bf8 37. Rb8 Kf7 38. Ne6 Bd6 39. Rxb5 Rxc3 40. Rxa5 Rxh3 41. Ra7+ Kf6 42. Nd4 Rd3 43. Nb5 Rxd5 44. Nxd6 Rxd6 45. Rc7 Rd4 46. Rc6+ Kg7 47. Kg2 h5 48. Kh2 h4 49. Kh3 Rd3+ 50. Kg4 Rg3+ 51. Kf5 c3 52. Rc7+ Kh6 53. Rc6+ Kh5 54. Rc8 Rf3+ 55. Ke4 Kg4 0-1

[Event "Kingston President's inv"]
[Site "Kingston"]
[Date "2013.08.10"]
[Round "5"]
[White "Scott, Bertram"]
[Black "Mellace, Andrew"]
[Result "0-1"]
[WhiteElo "1921"]
[BlackElo "2061"]
[PlyCount "46"]
[EventDate "2013.08.03"]
[EventType "tourn"]
[EventRounds "9"]
[EventCountry "JAM"]
[SourceTitle "EXT 2018"]
[Source "ChessBase"]
[SourceDate "2017.10.13"]
[SourceVersion "1"]
[SourceVersionDate "2017.10.13"]
[SourceQuality "1"]

1. e4 c5 2. Nf3 Nc6 3. d4 cxd4 4. Nxd4 g6 5. Be3 Bg7 6. c3 Nf6 7. f3 0-0 8. Be2 d5 9. exd5 Nxd5 10. Bf2 Nf4 11. Kf1 Nxe2 12. Kxe2 Qa5 13. Qc1 Qa6+ 14. Ke1 Ne5 15. Qd2 Nd3+ 16. Kd1 e5 17. Kc2 Nxf2 18. Qxf2 exd4 19. cxd4 Bf5+ 20. Kc1 Qc4+ 21. Nc3 Bxd4 22. Qd2 Rfe8 23. Rd1 Be3 0-1